Adaptación cultural : (Registro nro. 52403)
[ vista simple ]
| 000 -LÍDER | |
|---|---|
| Campo fijo de descripción fija | 01581aab a2200205 i 4500 |
| 001 - NÚMERO DE CONTROL | |
| Campo de control | 768714001 |
| 003 - IDENTIFICADOR DEL NÚMERO DE CONTROL | |
| Campo de control | CO-MdFUSB |
| 005 - FECHA Y HORA DE LA ULTIMA TRANSACCIÓN | |
| control field | 20240618062717.0 |
| 008 - ELEMENTOS DE LONGITUD FIJA -- INFORMACIÓN GENERAL | |
| Campo fijo de descripción fija -- Información general | 220824s1999 ck ||||| |||| 00| 0 spa d |
| 040 ## - FUENTE DE CATALOGACIÓN | |
| Idioma de catalogación | spa |
| Agencia que realiza la transcripción | CO-MdFUSB |
| Agencia que realiza la modificación | CO-MdFUSB |
| 041 ## - CÓDIGO DE IDIOMA | |
| Código de idioma para texto/pista de sonido o título separado | spa |
| 100 1# - ASIENTO PRINCIPAL--NOMBRE PERSONAL | |
| Nombre personal | Gracia, Juan (1966- ) |
| Término relacionador | autor |
| 245 10 - TÍTULO | |
| Título | Adaptación cultural : |
| Subtitulo | momentos de alegría y/o tristeza |
| Mención de responsabilidad | / Juan Gracia , Víctoria Gracia |
| 300 ## - DESCRIPCIÓN FÍSICA | |
| Extensión | Volumen 18, número 3 (julio - septiembre, 1999), páginas: 15 - 16 |
| Dimensiones | ; 27 cm |
| 520 ## - NOTA DE RESUMEN, ETC. | |
| Nota de sumario, etc. | Una de las cosas que se deben tener en cuenta al iniciar la aventura de sumergirnos en una nueva cultura es que , así como aprendimos a ver la vida con ese par de lente llamado "nuestra cultura", muchas veces sin ser conscientes de ello, así también podemos reiniciar el proceso de ponernos el nuevo par de lentes, que es la nueva cultura, y aprender, asimilar e interiorizar la nueva visión que del mundo tiene la sociedad del lugar a donde hemos llegado. Este proceso tiene diferentes momentos. momentos que nos pueden producir tanto alegrías como tristezas. Causas de tristeza:<br/>1. Ser mal interpretados.<br/>2. Cometer errores<br/>3. No poder moverse con naturalidad o ayudar a otros como se hacía en la cultura propia.<br/>Causas de alegría:<br/>1. Avanzar en el conocimiento del idioma y la cultura.<br/>2. Ampliar nuestra visión del mundo.<br/>3. Ser aceptados, |
| 650 #0 - ASIENTO SECUNDARIO DE MATERIA - TERMINO TEMÁTICO | |
| Término temático o nombre geográfico como elemento de entrada | Misiones |
| 9 (RLIN) | 154 |
| 700 1# - ENTR. SECUNDARIA - Nombre Personal (R) | |
| Nombre de persona | Gracia, Víctoria |
| Término indicativo de función | autor |
| 773 0# - ASIENTO DE ITEM FUENTE | |
| Título | Iglesia y Misión |
| Biblionumber | 49402 |
| Itemnumber | 59631 |
| Parte(s) relacionada(s) / Volumen., número. (mes año), páginas | Volumen 18, número 3 (julio - septiembre, 1999), páginas: 15 - 17 |
| Enumeración y primera página | página: 16 |
| 942 ## - TIPO DE MATERIAL (KOHA) | |
| Tipo de Item KOHA | Artículos de Revista |
No hay ítems disponibles.
